En la desnudez de la luz /
Guardado en:
| Hovedforfatter: | |
|---|---|
| Andre forfattere: | |
| Format: | Bog |
| Sprog: | spansk |
| Udgivet: |
Salamanca, España : Madrid, España :
Universidad de Salamanca ; Patrimonio Nacional,
2003, c2003
|
| Serier: | (Biblioteca de América ;
26) |
| Fag: | |
| Tags: |
Ingen Tags, Vær først til at tagge denne postø!
|
MARC
| LEADER | 00000nam^a2200000^a^4500 | ||
|---|---|---|---|
| 001 | 000410496 | ||
| 005 | 20250521000000.0 | ||
| 009 | 20260310122048.193 | ||
| 020 | |a 84-7800-673-7 | ||
| 020 | |a 84-7120-367-7 | ||
| 037 | |a Acervo ITESO - Biblioteca | ||
| 041 | |a ESP | ||
| 082 | |a 869. |b AND | ||
| 100 | |a Andresen, Sophia de Mello Breyner |e (autor) | ||
| 245 | 1 | 0 | |a En la desnudez de la luz / |c S. de Mello Breyner Andresen ; introd., selec. y tr. de J. Sanz Hermida. |
| 264 | 4 | |a Salamanca, España : |b Universidad de Salamanca ; |a Madrid, España : |b Patrimonio Nacional, |c 2003, c2003 | |
| 300 | |a 198 p. | ||
| 336 | |a texto |b txt |2 rdacontenido | ||
| 337 | |a sin mediación |b n |2 rdamedio | ||
| 338 | |a volumen |b nc |2 rdasoporte | ||
| 440 | 1 | |a (Biblioteca de América ; |v 26) | |
| 521 | |a FIL 2018 DIA | ||
| 545 | 0 | |a Sophia de Mello Breyner Andresen (1919-2004), fue una escritora y traductora portuguesa, reconocida como poeta. Su formación como filóloga clásica permitió que su obra poética se caracterizara por la fidelidad interpretetiva de la realidad y su sentir por ella, logrando describir y transmitir imágenes fuertes y concretas. En su estilo literario sencillo y directo, cada palabra es necesaria y cada idea redonda, reflejando una profunda atención del mundo. Escribió tanto de la naturaleza, como de la mitología, de la justicia y de la añoranza, de la soledad y de la mentira, recurriendo con frecuencia a un lenguaje de oposición y dicotomía. Sophia también escribió cuentos infantiles cuando sus cinco hijos eran pequeños, y como traductora, interpretó al portugués obras de Claudel, Dante y Shakespeare. Recibió el Prémio Camões en 1999, principal reconocimiento a la obra literaria en lengua portuguesa, y el Premio Reina Sofía de Poesía Iberoamericana en el año 2003. | |
| 546 | |a Edición bilingüe español-portugués | ||
| 586 | |a Premio Camões 1999: Antologías | ||
| 586 | |a Premio Reina Sofía de Poesía Iberoamericana 2003: Antologías | ||
| 649 | |a XX | ||
| 650 | |a Poesía Portuguesa | ||
| 650 | |a Poesía Portuguesa - |x Historia y Crítica | ||
| 650 | |a Literatura Portuguesa - |y Siglo XX | ||
| 650 | |a Literatura Portuguesa - |x Historia y Crítica | ||
| 650 | |a Literatura de Mujeres - |z Portugal | ||
| 700 | |a Sanz Hermida, Jacobo |e (traducción) | ||
| 910 | |a Fondo General | ||
| 920 | |a Impresos - Libros | ||
| 930 | |a Colección General | ||
| 940 | |a Literatura | ||
| 905 | |a 101 | ||
| 901 | |a 0500311432 |b IT1 |c LIT |i C164093 |u 20250521 | ||
| 902 | |a https://opac.biblio.iteso.mx/vufind/Record/000410496 | ||